Представление документа в формате MARC21

Поле Инд. ПП Название Значение
Тип записи a
Библиографический уровень m
001 Контрольный номер 83f04195-7c7d-445b-b02c-e5b3d8dd8f7b
005 Дата корректировки 20160519151925.1
008 Кодируемые данные 080715
020 a ISBN 5-94836-094-6
a ISBN 0-521-66948-0 (англ.)
c Цена, тираж 132.00
040 a Служба первич. каталог. НБ ТвГУ
041 0_ a Код языка текста rus
080 a Индекс УДК 528.8
084 a Индекс другой классификации/Индекс ББК Д131
090 a Полочн. индекс Д131
x Авторский знак Р 54
100 1_ a Автор Рис У. Г.
245 00 a Заглавие Основы дистанционного зондирования
c Ответственность пер. с англ. М. Б. Кауфмана, А. А. Кузьмичевой
250 a Основные сведения об издании 2-е изд.
260 0_ a Место издания Москва
b Издательство Техносфера
c Дата издания 2006
300 a Объем 335 с., [3] л. цв. ил.
b Иллюстрации/ тип воспроизводства ил.
440 _0 a Серия Мир наук о Земле
583 a Действие Получение впервые 168 15.07.2008
k Исполнитель действия ОАО "БИБКОМ"
653 0_ a Ключевые слова Аэрокосмические методы
a Ключевые слова Атмосфера
a Ключевые слова Земля
a Ключевые слова Электромагнитное излучение
a Ключевые слова Дистанционное зондирование
a Ключевые слова Космическая съемка
700 1_ a Другие авторы Кауфман М. Б.
e Роль лиц Переводчик
700 1_ a Другие авторы Кузьмичева А. А.
e Роль лиц Переводчик
888 a За счет средств университета
901 t Тип документа m
920 a Оператор Карл
952 p 168.2008 132.00 1 914237
p 168.2008 132.00 1 914238
p 168.2008 132.00 1 914239
p 168.2008 132.00 1 914240
p 168.2008 132.00 1 914241
p 168.2008 132.00 1 914242
p 168.2008 132.00 1 914243
p 168.2008 132.00 1 914244
p 168.2008 132.00 1 914245
p 168.2008 132.00 1 914246
p 168.2008 132.00 1 914247
p 168.2008 132.00 1 914248
p 168.2008 132.00 1 914249
p 168.2008 132.00 1 914250
p 168.2008 132.00 1 914251
p 168.2008 132.00 1 914252
p 168.2008 132.00 1 914253
p 168.2008 132.00 1 914254
p 168.2008 132.00 1 914255
p 168.2008 132.00 1 914256
c Вид литературы К ру
954 a Дата поступления на обработку 20080926
999 a Подразделение 2 Фил4